Statystyki dla Największe miasta II Rzeczypospolitej / Biggest cities of the interwar Poland

Kliknij tutaj aby rozwiązać quiz!

Ogólne statystyki

  • Ten quiz został rozwiązany 3 781 razy
  • Średni wynik to 9 z 13

Statystyki odpowiedzi

HintOdpowiedź% Poprawnych
1 261 000Warszawa
100%
242 404Kraków
98%
265 077Poznań
92%
653 402Łódź
89%
317 249Lwów
89%
208 216Wilno
84%
132 273Katowice
80%
101 000Gdynia
75%
116 000Lublin
70%
133 377Bydgoszcz
64%
133 644Częstochowa
45%
121 889Sosnowiec
36%
108 540Chorzów
24%

Rozkład punktacji

Percentyl według liczby udzielonych odpowiedzi

Procent ludzi z każdym wynikiem

Twoja historia wyników

Nie rozwiązałeś tego quizu